| 000 | 00877nam a2200229 4500 | ||
|---|---|---|---|
| 005 | 20220829082039.0 | ||
| 008 | 220829s2022 ck |||gr|||| 00| 0 spa d | ||
| 020 | _a9789584958037 | ||
| 040 |
_aCO-BoUCM _bspa _cDeissy Garcia _dDeissy Garcia |
||
| 041 | 0 | _aspa | |
| 100 | 1 |
_9175514 _aGómez Pardo, Jorge Enrique |
|
| 245 | 1 | 0 |
_aDefensa de la libertad y de la democracia _bel centro político y los extremos explicados _cJorge Enrique Gómez Pardo |
| 260 |
_aBogotá _bCerezos _c2022 |
||
| 300 | _a388 páginas | ||
| 504 | _aIncluye referencias bibliográficas | ||
| 650 | 7 |
_aDemocracia _zColombia _927430 |
|
| 650 | 7 |
_aLibertad (Ciencia política) _918465 |
|
| 650 | 7 |
_aPartidos políticos _zColombia _937930 |
|
| 651 | 7 |
_aColombia _xPolítica y gobierno _ySiglo XXI _986494 |
|
| 942 |
_2DEWEY _cLIBRO _a6 _e1 _h321.809861 _mG569d _n0 |
||
| 999 |
_c321624 _d321624 |
||